| 000 | 005140000a22002170004500 | ||
|---|---|---|---|
| 005 | 20120302053441.0 | ||
| 942 | _cBOOK | ||
| 100 | _a Field,Selma G. | ||
| 100 | _a M.Edwin | ||
| 245 | _a How to get rich throgh OPN | ||
| 260 | _aNew York:Parker,1978 | ||
| 300 | _a233p | ||
| 040 | _aENG | ||
| 365 | _bRs. | ||
| 650 | _aEconomics | ||
| 650 | _aEconomics-Rich Though OPN | ||
| 650 | _aABC Guide-OPN Success | ||
| 650 | _aIncomes Fillings | ||
| 650 | _aGovernment-Business | ||
| 650 | _aForeign Exchange | ||
| 999 |
_c342898 _d342895 |
||